000 00691nam a22002057a 4500
999 _c20031
_d20031
003 AR-CdUCM
008 190524b ||||| |||| 00| 0 spa d
040 _aMUNICIPALIDAD PROVINCIAL DEL CUSCO
_cBIBLIOTECA MUNICIPAL DEL CUSCO
082 _a193 /
_bR96
100 _aRusso Delgado, José
_941902
245 _aEl hombre y la pregunta por el ser :
_bEstudio de ser y tiempo de Martín Heidegger /
260 _aLima :
_bUNMSM,
_c1963.
300 _a241 paginas.
_c22 cm.
505 _aContenido: Preguntar por el ser -- Fenomenología -- Dasein...
650 _aFilosofia
_9395
650 _aAristoteles
_913495
650 _aAnalítica
_941582
942 _2ddc
_cLIBROS
945 _aJavier